Кибернетический подход как методология улучшения качества и конкурентоспособности продукции; Стандарты и качество; № 2

التفاصيل البيبلوغرافية
Parent link:Стандарты и качество: научно-технический журнал/ Российская Федерация, Государственный комитет по стандартизации и метрологии (Госстандарт России).— , 1980-.— 0038-9692
№ 2.— 2004.— С. 64-67
المؤلف الرئيسي: Зубков В.
اللغة:الروسية
منشور في: 2004
سلاسل:Качество: национальная программа
الموضوعات:
التنسيق: فصل الكتاب
KOHA link:https://koha.lib.tpu.ru/cgi-bin/koha/opac-detail.pl?biblionumber=459623

MARC

LEADER 00000naa2a2200000 4500
001 459623
005 20231101085146.0
035 |a (RuTPU)RU\TPU\prd\123419 
035 |a RU\TPU\prd\24994 
090 |a 459623 
100 |a 20111024a2004 k y0rusy50 ca 
101 0 |a rus 
102 |a RU 
200 1 |a Кибернетический подход как методология улучшения качества и конкурентоспособности продукции  |f В. Зубков 
225 1 |a Качество: национальная программа 
320 |a Библиогр.: 4 назв. 
461 1 |0 (RuTPU)RU\TPU\prd\992  |x 0038-9692  |t Стандарты и качество  |o научно-технический журнал  |f Российская Федерация, Государственный комитет по стандартизации и метрологии (Госстандарт России)  |d 1980- 
463 1 |0 (RuTPU)RU\TPU\prd\123400  |t № 2  |v С. 64-67  |d 2004 
610 1 |a качество продукции 
610 1 |a улучшение качества 
610 1 |a методология 
610 1 |a конкурентоспособность 
610 1 |a управление качеством 
610 1 |a кибернетический подход 
700 1 |a Зубков  |b В. 
801 1 |a RU  |b 63413507  |c 20040407  |g PSBO 
801 2 |a RU  |b 63413507  |c 20111024  |g RCR 
942 |c BK